000 00771nam a2200253Ia 4500
003 GCL
008 140319s9999 xx 000 0 ara d
040 _aGCL /
_cGCL
082 0 4 _aق
_b932.02
_bم م
100 1 _aمحرم كمال
245 1 0 _aمصر ومجدها الغابر /
_cمحرم كمال
700 1 _aنجيب ميخائيل ابراهيم
700 1 _aمرى مرجريت
260 _a[S.N] :
_bلجنة البيان العربى ،
_c1957
300 _a534 ص
490 _a
650 0 4 _aالاحوال الاجتماعية
650 0 4 _aالادب
650 0 4 _aمصر القديمة
650 0 4 _aالدين
650 0 4 _aالفن المصرى القديم
650 0 4 _aاللغات المصرية القديمة
942 _2ddc
_cBK
999 _c36434
_d36434